Documents /
MARC
| LEADER | 00000nas a2200000 a 4500 | ||
|---|---|---|---|
| 001 | 27967 | ||
| 003 | Arxiu | ||
| 005 | 20260324175350.0 | ||
| 008 | 160829d19861996spc n px cat c | ||
| 017 | |a DL B. 1531-1986 | ||
| 040 | |a AGDB | ||
| 080 | |a Revistes | ||
| 245 | 0 | 0 | |a Documents / |c Centre Unesco de Catalunya |
| 260 | |a Barcelona : |b Centre Unesco de Catalunya, |c 1986-1996? | ||
| 300 | |a 30 volums : |b periodicitat irregular ; |c 31 cm | ||
| 310 | |a Irregular | ||
| 362 | |a Núm. 1 (gener 1986)-Núm.34 (febrer 1996) | ||
| 590 | |a Irregular | ||
| 650 | 0 | |a Organismes internacionals |9 29362 |v Revistes | |
| 655 | 0 | |9 55823 |a Revistes | |
| 710 | 2 | |a Centre Unesco de Catalunya |9 52951 |e entitat editora | |
| 752 | |a Catalunya |b Barcelona (Catalunya : Província) |c Barcelonès |d Barcelona | ||
| 866 | |a 1986 (1, 2, 3, 4, 5, 6) | ||
| 866 | |a 1987 (7, 8, 9) | ||
| 866 | |a 1988 (10, 11, 12) | ||
| 866 | |a 1989 (14) | ||
| 866 | |a 1990 (15, 16, 17) | ||
| 866 | |a 1991 (18, 19, 20, 21, 22, 23) | ||
| 866 | |a 1992 (24, 25, 26) | ||
| 866 | |a 1993 (28) | ||
| 866 | |a 1994 (30, 31, 32) | ||
| 866 | |a 1995 (33) | ||
| 901 | |a Arxiu | ||
| 942 | |n 1 |2 udc |c REV | ||
| 952 | |0 0 |1 0 |4 0 |6 REV2165 |7 1 |9 45136 |a Arxiu |b Arxiu |d 2016-12-01 |h Núm. 1 (gener 1986)-Núm. 33 (desembre 1995) |o Rev-2165 |p 27967 |r 2016-12-01 00:00:00 |w 2016-12-01 |y ARXIU | ||
| 999 | |c 47860 |d 47860 | ||